[Event "24th ECh U20"]
[Site "Siofok HUN"]
[Date "1996.??.??"]
[Round "9"]
[White "Zulfugarli, Mahomed"]
[Black "Parker, Jonathan"]
[Result "0-1"]
[WhiteElo "2325"]
[BlackElo "2470"]
[EventDate "1996.08.30"]
[PlyCount "80"]

1.e4 e5 2.Nf3 Nc6 3.Bb5 Nf6 4.Qe2 Bc5 5.c3 O-O 6.d3 Re8 7.O-O a6 8.Ba4 b5 
9.Bb3 Bb7 10.Nbd2 Bb6 11.a3 d6 12.Re1 Ng4 13.d4 exd4 14.cxd4 Qf6 15.h3 {
[#]} 15...Nxf2 16.Qxf2 Nxd4 17.Nxd4 Bxd4 18.Re3 Qxf2+ 19.Kxf2 Bxe3+ 20.
Kxe3 d5 21.Kf2 d4 22.Bc2 c5 23.b3 Rad8 24.Bd3 f5 25.exf5 Re3 26.Bf1 Rc3 
27.Rb1 Re8 28.Be2 Bxg2 29.Bh5 Be4 30.Nxe4 Rxe4 31.Bd2 Rc2 32.Rd1 Re3 33.
Bf3 Rd3 34.Ke2 Re3+ 35.Kf2 Kf7 36.a4 Kf6 37.axb5 axb5 38.Kg3 Rxb3 39.Ba5 
Kxf5 40.Rf1 g5 0-1

[Event "24th ECh U20"]
[Site "Siofok HUN"]
[Date "1996.??.??"]
[Round "9"]
[White "Szuk, Balazs"]
[Black "Krakops, Maris"]
[Result "0-1"]
[WhiteElo "2350"]
[BlackElo "2440"]
[EventDate "1996.08.30"]
[PlyCount "56"]

1.e4 c5 2.Nf3 d6 3.d4 cxd4 4.Nxd4 Nf6 5.Nc3 Nc6 6.Bc4 e6 7.Be3 Be7 8.Qe2 
O-O 9.O-O-O a6 10.Bb3 Qc7 11.Rhg1 Nd7 12.g4 Nc5 13.Nf5 b5 14.Bd5 Bb7 15.g5
Rfc8 16.Rg3 Ne5 17.f4 Ng6 18.Nxg7 b4 19.f5 bxc3 20.fxg6 hxg6 21.Bd4 Bxd5 
22.exd5 e5 23.Nf5 gxf5 24.Bxc5 cxb2+ 25.Kxb2 Qxc5 26.g6 Bf6 27.gxf7+ Kf8 
28.Rg8+ Ke7 0-1

[Event "24th ECh U20"]
[Site "Siofok HUN"]
[Date "1996.??.??"]
[Round "9"]
[White "Macionis, Andrius"]
[Black "Hausrath, Daniel"]
[Result "1-0"]
[WhiteElo "2295"]
[BlackElo "2440"]
[EventDate "1996.08.30"]
[PlyCount "129"]

1.e4 c5 2.Nf3 Nc6 3.Bb5 g6 4.Bxc6 dxc6 5.d3 Bg7 6.Nc3 e5 7.Be3 Qe7 8.Nd2 
Nh6 9.h3 f6 10.a4 b6 11.a5 Rb8 12.O-O Nf7 13.axb6 axb6 14.Na4 Bh6 15.Bxh6 
Nxh6 16.Qe2 Nf7 17.Qe3 O-O 18.b4 cxb4 19.Nxb6 Be6 20.Ra6 Rfd8 21.Rfa1 Rd4 
22.Nbc4 Bxc4 23.Nxc4 Qc5 24.R1a5 Qe7 25.Nd2 Rc8 26.Nb3 Rd7 27.Nc5 Rdc7 28.
Rb6 Nd6 29.Rxb4 Nb5 30.Rc4 Ra7 31.Rxa7 Qxa7 32.Nb3 Qxe3 33.fxe3 Nd6 34.Ra4
Rc7 35.Ra6 Nc8 36.Kf2 Kf7 37.Ke2 Ke7 38.d4 Nd6 39.Kd3 f5 40.Nc5 fxe4+ 41.
Nxe4 Nf7 42.c4 exd4 43.exd4 Rd7 44.Nc5 Rc7 45.Ne4 Rd7 46.Ke3 Nd8 47.Nc5 
Rc7 48.Ke4 Nf7 49.Nb3 Nd6+ 50.Kd3 Nf7 51.Na5 Kd7 52.c5 Nd8 53.Ke4 Kc8 54.
Ra8+ Kd7 55.Nc4 Ke7 56.Nb6 Ne6 57.Ke5 Rb7 58.Nc8+ Kd7 59.Ra7 Rxa7 60.Nxa7 
Nc7 61.g4 g5 62.Kf6 Nb5 63.Nxb5 cxb5 64.Ke5 b4 65.Ke4 1-0

[Event "24th ECh U20"]
[Site "Siofok HUN"]
[Date "1996.??.??"]
[Round "9"]
[White "Maros, Milan"]
[Black "Chekurov, Viacheslav"]
[Result "0-1"]
[WhiteElo "2255"]
[BlackElo "2425"]
[EventDate "1996.08.30"]
[PlyCount "74"]

1.d4 d5 2.Nf3 Nf6 3.c4 c6 4.Nc3 a6 5.c5 g6 6.Bf4 Bg7 7.h3 O-O 8.e3 Nfd7 9.
Rc1 f6 10.e4 e5 11.dxe5 fxe5 12.Bg5 Qe8 13.exd5 e4 14.Nd4 Nxc5 15.Be3 Nd3+
16.Bxd3 exd3 17.Qxd3 c5 18.Nde2 Nd7 19.Qd2 b6 20.O-O Ne5 21.Nf4 Bf5 22.
Rfd1 Qd7 23.Qe2 h5 24.a4 Rfe8 25.b3 Kh7 26.Nb1 Bh6 27.Qf1 Rf8 28.Na3 {[#]}
28...Bxh3 29.Nxg6 Bxe3 30.Nxe5 Qf5 31.fxe3 Qxe5 32.Qd3+ Kh6 33.e4 Bxg2 34.
Kxg2 Rf4 35.Qh3 Rg8+ 36.Kh1 Qxe4+ 37.Kh2 Rf2+ 0-1

[Event "24th ECh U20"]
[Site "Siofok HUN"]
[Date "1996.??.??"]
[Round "9"]
[White "Barva, Attila"]
[Black "Antoniewski, Rafal"]
[Result "1-0"]
[WhiteElo "2250"]
[BlackElo "2350"]
[EventDate "1996.08.30"]
[PlyCount "81"]

1.d4 g6 2.e4 Bg7 3.Nf3 d6 4.Nc3 Nd7 5.Bg5 c6 6.Qd2 b5 7.Bd3 Bb7 8.O-O Qb6 
9.Ne2 c5 10.c3 Ngf6 11.Ng3 O-O 12.Bh6 b4 13.Rfe1 cxd4 14.cxd4 Rfc8 15.Bxg7
Kxg7 16.Qg5 Ng8 17.Nf5+ Kf8 18.Nh6 f6 19.Qh4 Kg7 20.Nxg8 Kxg8 21.Qg4 Nf8 
22.h4 e5 23.h5 Ba6 24.Bxa6 Qxa6 25.hxg6 hxg6 26.Re3 Qc4 27.Nh4 Kf7 28.d5 
Qd4 29.Rb1 Rc4 30.Qh3 Rc2 {[#]} 31.Nxg6 Kxg6 32.Rg3+ Kf7 33.Qh5+ Ke7 34.
Rg7+ Kd8 35.Rf1 Rc7 36.Qh8 Rxg7 37.Qxf8+ Kc7 38.Rc1+ Kb6 39.Qxd6+ Kb5 40.
Qc6+ Ka5 41.Rc5+ 1-0

[Event "24th ECh U20"]
[Site "Siofok HUN"]
[Date "1996.??.??"]
[Round "9"]
[White "Kovacs, Gabor"]
[Black "Moor, Roger"]
[Result "0-1"]
[WhiteElo "2335"]
[BlackElo "2240"]
[EventDate "1996.08.30"]
[PlyCount "148"]

1.e4 c5 2.Nf3 d6 3.d4 cxd4 4.Nxd4 Nf6 5.Nc3 g6 6.Be2 Bg7 7.O-O O-O 8.Re1 
Nc6 9.Nb3 a6 10.Bf1 Be6 11.Nd5 b5 12.c3 Ra7 13.a4 Rb7 14.axb5 axb5 15.Ra6 
Qd7 16.Bg5 Rfb8 17.Nxf6+ exf6 18.Bf4 Rb6 19.Rxb6 Rxb6 20.Nd4 Ne5 21.Qa1 
Qb7 22.b3 b4 23.c4 Nd7 24.Nb5 Ne5 25.Qd1 Bf8 26.Qd4 Qc6 27.Bd2 Qc5 28.Qb2 
Ng4 29.Bf4 g5 30.Bc1 Qe5 31.Qxe5 Nxe5 32.Bd2 Nc6 33.Ra1 f5 34.Be3 Rb8 35.
Ra6 Rc8 36.exf5 Bxf5 37.Bxg5 Bc2 38.Rxc6 Rxc6 39.Nd4 Rc5 40.Nxc2 Rxg5 41.
Nxb4 Ra5 42.Nd3 Bg7 43.g4 Bc3 44.h3 Ra3 45.b4 Ra4 46.c5 Bxb4 47.Nxb4 Rxb4 
48.cxd6 Rd4 49.Kg2 Rxd6 50.Kg3 Kg7 51.h4 h6 52.g5 f6 53.gxf6+ Kxf6 54.Be2 
Rd8 55.Bb5 Kf5 56.Bf1 Rd4 57.Bh3+ Ke5 58.Bg2 Rb4 59.Bc6 Rf4 60.Bd7 Rf7 61.
Bc8 Rg7+ 62.Kf3 Rg1 63.Bd7 Rd1 64.Bc8 Rd8 65.Bb7 Rf8+ 66.Kg3 Rg8+ 67.Kf3 
h5 68.Bc6 Rg4 69.Be8 Rxh4 70.Kg3 Rg4+ 71.Kh3 Rg5 72.Kh4 Kf4 73.f3 Re5 74.
Bc6 Re1 0-1

[Event "24th ECh U20"]
[Site "Siofok HUN"]
[Date "1996.??.??"]
[Round "9"]
[White "Praet, Maarten"]
[Black "Soln, Primoz"]
[Result "1/2-1/2"]
[WhiteElo "2235"]
[BlackElo "2330"]
[EventDate "1996.08.30"]
[PlyCount "65"]

1.e4 c5 2.c3 Nf6 3.e5 Nd5 4.d4 cxd4 5.Nf3 d6 6.exd6 Qxd6 7.Nxd4 a6 8.Na3 
Nd7 9.Be2 e6 10.O-O Qc7 11.Nac2 Bd6 12.g3 O-O 13.c4 Ne7 14.Ne3 b6 15.Bf3 
Rb8 16.b3 Rd8 17.Qe2 Ne5 18.Bg2 Bc5 19.Ndc2 Nd3 20.Ba3 Bxa3 21.Nxa3 Rd6 
22.Rfd1 Qd8 23.Be4 Nc5 24.Rxd6 Qxd6 25.Rd1 Qc7 26.Qd2 Bb7 27.Bxb7 Nxb7 28.
Qd7 Qxd7 29.Rxd7 Kf8 30.Rd2 Nc6 31.Kf1 Ke7 32.Ke2 Nc5 33.f3 1/2-1/2

[Event "24th ECh U20"]
[Site "Siofok HUN"]
[Date "1996.??.??"]
[Round "9"]
[White "Lehmann, Zoltan"]
[Black "Vasilev, Milen"]
[Result "1/2-1/2"]
[WhiteElo "2285"]
[BlackElo "2250"]
[EventDate "1996.08.30"]
[PlyCount "82"]

1.d4 Nf6 2.c4 e6 3.Nf3 d5 4.e3 Nbd7 5.Bd3 Be7 6.O-O O-O 7.b3 b6 8.Bb2 Bb7 
9.Nbd2 c5 10.Qe2 Rc8 11.e4 dxe4 12.Nxe4 cxd4 13.Nxd4 Nc5 14.Nxc5 Rxc5 15.
Rfd1 Qc7 16.Nf3 Qc6 17.Ba3 {[#]} 17...Rg5 18.Bxe7 Qxf3 19.Qxf3 Bxf3 20.Bf1
Bxd1 21.Bxf8 Kxf8 22.Rxd1 Ke7 23.b4 Nd7 24.g3 Rg6 25.Bg2 e5 26.Kf1 Rd6 27.
Ke2 Rxd1 28.Kxd1 f5 29.Kd2 Kd6 30.Ke3 Nf8 31.f4 Ne6 32.fxe5+ Kxe5 33.Bd5 
Nd4 34.Kd3 g5 35.Bb7 h5 36.c5 bxc5 37.bxc5 Ne6 38.Kc4 Nc7 39.Bg2 f4 40.
gxf4+ Kxf4 41.Kd4 g4 1/2-1/2

[Event "24th ECh U20"]
[Site "Siofok HUN"]
[Date "1996.??.??"]
[Round "9"]
[White "Gabrielsen, Stig"]
[Black "Sylvan, Jacob"]
[Result "1-0"]
[WhiteElo "2225"]
[BlackElo "2285"]
[EventDate "1996.08.30"]
[PlyCount "75"]

1.e4 e5 2.Nf3 Nc6 3.Bb5 a6 4.Ba4 Nf6 5.O-O b5 6.Bb3 Be7 7.Re1 O-O 8.d4 d6 
9.c3 Bg4 10.Be3 Re8 11.Nbd2 Bf8 12.h3 Bh5 13.d5 Ne7 14.Bg5 Nd7 15.g4 Bg6 
16.a4 f6 17.Be3 Bf7 18.Qe2 Rb8 19.axb5 axb5 20.Bc2 c6 21.dxc6 Nxc6 22.b4 
Ne7 23.Ra5 Qc8 24.Qd3 Qc6 25.Rea1 Rec8 26.R1a3 g6 27.Bb1 Kg7 28.Ra6 Nb6 
29.R3a5 d5 30.g5 dxe4 31.Nxe4 Ned5 32.gxf6+ Nxf6 33.Nxe5 Qxe4 34.Qxe4 Nxe4
35.Bxe4 Nc4 36.Nxc4 Rxc4 37.Bd4+ Kg8 38.Bd3 1-0

[Event "24th ECh U20"]
[Site "Siofok HUN"]
[Date "1996.??.??"]
[Round "9"]
[White "Mifsud, Timothy"]
[Black "Zavoronkov, Vladimir"]
[Result "1-0"]
[WhiteElo "2230"]
[BlackElo "2265"]
[EventDate "1996.08.30"]
[PlyCount "91"]

1.e4 c5 2.Nf3 d6 3.d4 cxd4 4.Nxd4 Nf6 5.Nc3 Nc6 6.Bc4 e6 7.Be3 a6 8.Qe2 
Qc7 9.Bb3 Na5 10.O-O-O b5 11.f3 Be7 12.g4 O-O 13.g5 Nxb3+ 14.axb3 Nd7 15.
h4 b4 16.Na4 Nc5 17.h5 Nxa4 18.bxa4 b3 19.g6 Bf6 20.h6 {[#]} 20...fxg6 21.
hxg7 Bxg7 22.Nxb3 Rb8 23.Kb1 d5 24.Bd4 Bxd4 25.Rxd4 Qe5 26.Qd2 Bb7 27.Nc5 
Bc6 28.Nxa6 Rb6 29.Nb4 Bxa4 30.exd5 exd5 31.Nxd5 Ra6 32.Re4 Qg7 33.Re7 Rf7
34.Qb4 h5 35.Qc4 Rd6 36.Rhe1 Bc6 37.Nc7 Bd7 38.Nd5 Kh7 39.Rxf7 Qxf7 40.Re7
Qxe7 41.Nxe7 Be6 42.Qe2 h4 43.b3 h3 44.f4 Bd7 45.f5 Kh6 46.fxg6 1-0

[Event "24th ECh U20"]
[Site "Siofok HUN"]
[Date "1996.??.??"]
[Round "9"]
[White "Avdic, Adnan"]
[Black "Lerch, Patrice"]
[Result "0-1"]
[WhiteElo "2090"]
[BlackElo "2330"]
[EventDate "1996.08.30"]
[PlyCount "108"]

1.e4 c5 2.Nf3 Nc6 3.d4 cxd4 4.Nxd4 Nf6 5.Nc3 e6 6.Ndb5 Bb4 7.a3 Bxc3+ 8.
Nxc3 d5 9.exd5 exd5 10.Bd3 O-O 11.O-O h6 12.Bf4 d4 13.Ne2 Qd5 14.Ng3 Re8 
15.Re1 Bd7 16.Be2 g5 17.Bd2 Ne5 18.f4 Bc6 19.Bf1 Neg4 20.Nh5 d3 21.Nxf6+ 
Nxf6 22.cxd3 Qd4+ 23.Kh1 Rxe1 24.Bxe1 Qxf4 25.Bg3 Qf5 26.Be2 Re8 27.Qd2 
Qh3 28.Bd1 Qe6 29.Rc1 a6 30.Bf2 Ng4 31.Kg1 Nxf2 32.Qxf2 Qe3 33.Rc3 Qe1+ 
34.Qf1 Bd5 35.Rc2 Qe3+ 36.Rf2 Rc8 37.Qe2 Qb6 38.h4 Rc1 39.Kh2 Qd6+ 40.Kh1 
Qg3 41.Kg1 gxh4 42.Qd2 h3 43.Qxc1 h2+ 44.Kh1 Qxf2 45.Bf3 Bxf3 46.gxf3 Kg7 
47.b4 Qg1+ 48.Qxg1+ hxg1=Q+ 49.Kxg1 Kf6 50.Kg2 Ke5 51.Kg3 Kd4 52.Kg4 Kxd3 
53.Kh5 Ke3 54.Kxh6 f5 0-1

[Event "24th ECh U20"]
[Site "Siofok HUN"]
[Date "1996.??.??"]
[Round "9"]
[White "Luukkonen, Tommi"]
[Black "Sirigos, Nikolaos"]
[Result "1-0"]
[WhiteElo "2130"]
[BlackElo "2290"]
[EventDate "1996.08.30"]
[PlyCount "109"]

1.e4 e5 2.Nf3 Nc6 3.Bb5 a6 4.Ba4 Nf6 5.O-O Be7 6.Re1 b5 7.Bb3 O-O 8.a4 Bb7
9.d3 Re8 10.Nbd2 Bf8 11.c3 h6 12.Nh4 d6 13.Ng6 Ne7 14.Nxf8 Rxf8 15.Nf1 Ng6
16.Qf3 d5 17.Ng3 c5 18.Ba2 c4 19.exd5 Nh4 20.Qe2 Qxd5 21.Ne4 Qxd3 22.Nxf6+
gxf6 23.f3 Qg6 24.Bb1 f5 25.Kf1 Rfe8 26.Qf2 Qf6 27.axb5 axb5 28.Rxa8 Bxa8 
29.Qc5 Bc6 30.Bc2 Kg7 31.Rd1 Re6 32.b3 f4 33.Ba3 Ng6 34.bxc4 bxc4 35.Qxc4 
e4 36.fxe4 Qg5 37.Qd4+ Ne5 38.Bb3 Bb5+ 39.c4 Bc6 40.Bd6 f3 41.gxf3 Rxd6 
42.Qxd6 Qf4 43.Qd4 Qxf3+ 44.Ke1 f6 45.Bc2 Qh1+ 46.Kd2 Nf3+ 47.Kc3 Nxd4 48.
Rxh1 Nxc2 49.Rg1+ Kf7 50.Kxc2 Bxe4+ 51.Kc3 Ke6 52.Kd4 Bf3 53.Re1+ Kf5 54.
Rf1 Kg4 55.Rxf3 1-0

[Event "24th ECh U20"]
[Site "Siofok HUN"]
[Date "1996.??.??"]
[Round "10"]
[White "Prohl, Holger"]
[Black "Parker, Jonathan"]
[Result "0-1"]
[WhiteElo "2400"]
[BlackElo "2470"]
[EventDate "1996.08.30"]
[PlyCount "96"]

1.e4 e5 2.Nc3 Nf6 3.g3 d5 4.exd5 Nxd5 5.Bg2 Nxc3 6.bxc3 Nc6 7.Ne2 Be6 8.
O-O Bd5 9.d3 h5 10.h4 Bxg2 11.Kxg2 Be7 12.Ng1 Qd7 13.Qf3 f6 14.Be3 O-O-O 
15.Rab1 Qd5 16.Rb2 b6 17.c4 Qxf3+ 18.Nxf3 e4 19.dxe4 Na5 20.Nd2 Rxd2 21.
Bxd2 Nxc4 22.Bc3 Nxb2 23.Bxb2 Rd8 24.Bc3 Rd6 25.Bb4 c5 26.Bc3 Re6 27.Re1 
b5 28.Bb2 c4 29.f4 b4 30.c3 Ra6 31.Ra1 b3 32.Kf3 Kb7 33.g4 Ba3 34.axb3 
Bxb2 35.Rb1 Bxc3 36.bxc4+ Rb6 37.Rd1 Rc6 38.gxh5 Rxc4 39.Kg4 Rc5 40.Rd7+ 
Rc7 41.Rxc7+ Kxc7 42.Kf5 a5 43.Kg6 Bd2 44.e5 Bxf4 45.e6 Kd8 46.Kf7 Bd6 47.
Kxg7 Ke7 48.h6 Be5 0-1

[Event "24th ECh U20"]
[Site "Siofok HUN"]
[Date "1996.??.??"]
[Round "10"]
[White "Ruck, Robert"]
[Black "Savic, Miodrag"]
[Result "1-0"]
[WhiteElo "2465"]
[BlackElo "2345"]
[EventDate "1996.08.30"]
[PlyCount "147"]

1.c4 Nf6 2.g3 e6 3.Bg2 d5 4.Nf3 c6 5.b3 Be7 6.O-O O-O 7.Bb2 Nbd7 8.Nc3 Qa5
9.d4 dxc4 10.bxc4 Qb4 11.Qb3 a5 12.c5 Nd5 13.Nxd5 exd5 14.Bc3 Qxb3 15.axb3
Bd8 16.Ra2 b6 17.cxb6 Bxb6 18.Rfa1 Rb8 19.Nd2 Nf6 20.e3 Bc7 21.Bxa5 Bd6 
22.Rc1 Bd7 23.Bc3 Rb6 24.Ra7 Rc8 25.Rca1 Rbb8 26.Bf1 Bf5 27.Ba6 Rc7 28.
Rxc7 Bxc7 29.Be2 g5 30.Ra6 Bb6 31.Ba5 Bxa5 32.Rxa5 Ne4 33.Nxe4 Bxe4 34.Bd1
Rb6 35.f3 Bg6 36.Kf2 h6 37.Ke2 Kg7 38.Kd2 Bf5 39.Kc3 Kf6 40.Ra7 Be6 41.b4 
h5 42.h4 g4 43.fxg4 hxg4 44.Ba4 Kf5 45.Bc2+ Kf6 46.Bd3 Rb8 47.Ra6 Rc8 48.
e4 Kg7 49.e5 Rc7 50.Ra8 Rb7 51.Kb3 Bd7 52.Ba6 Rc7 53.Be2 Rb7 54.Ra1 Be6 
55.Rf1 Ra7 56.Bd3 Bc8 57.Rf6 Be6 58.h5 Ra1 59.h6+ Kh8 60.Rf1 Ra7 61.Rf2 
Ra8 62.Ra2 Rf8 63.Ra6 Rc8 64.Ka4 Kg8 65.Ka5 f5 66.exf6 Kf7 67.Kb6 Kxf6 68.
Ra1 Kf7 69.h7 Kg7 70.Kb7 Rf8 71.Ra8 Rxa8 72.Kxa8 Bd7 73.Kb7 Be8 74.Kc7 1-0

[Event "24th ECh U20"]
[Site "Siofok HUN"]
[Date "1996.??.??"]
[Round "10"]
[White "Gyimesi, Zoltan"]
[Black "Barva, Attila"]
[Result "1/2-1/2"]
[WhiteElo "2480"]
[BlackElo "2250"]
[EventDate "1996.08.30"]
[PlyCount "47"]

1.d4 d5 2.c4 e6 3.Nc3 c6 4.Nf3 Nf6 5.Bg5 dxc4 6.e4 b5 7.e5 h6 8.Bh4 g5 9.
Nxg5 hxg5 10.Bxg5 Be7 11.exf6 Bxf6 12.Bxf6 Qxf6 13.a4 Rh4 14.g4 b4 15.Ne4 
Qf4 16.Bg2 Nd7 17.h3 Bb7 18.Qc1 Qxc1+ 19.Rxc1 Ke7 20.Rxc4 c5 21.f3 Bd5 22.
Rc1 cxd4 23.Kf2 Rhh8 24.Nc5 1/2-1/2

[Event "24th ECh U20"]
[Site "Siofok HUN"]
[Date "1996.??.??"]
[Round "10"]
[White "Belozerov, Andrei"]
[Black "Praet, Maarten"]
[Result "1/2-1/2"]
[WhiteElo "2455"]
[BlackElo "2235"]
[EventDate "1996.08.30"]
[PlyCount "80"]

1.Nf3 Nf6 2.d4 c5 3.d5 c4 4.e4 Nxe4 5.Bxc4 d6 6.O-O g6 7.Qd4 Nf6 8.Re1 
Nbd7 9.Bf4 Qb6 10.Nc3 Qxd4 11.Nxd4 Nb6 12.Bb3 Kd8 13.a4 Bg7 14.a5 Nbxd5 
15.Nxd5 Nxd5 16.Bxd5 Bxd4 17.Ra4 Bf6 18.Rb4 Rb8 19.Be3 e6 20.Bxa7 Ra8 21.
Bb6+ Kd7 22.Bf3 Bd8 23.Rd1 Ke7 24.c4 Bxb6 25.Rxb6 Rxa5 26.Bxb7 Rc5 27.b3 
Rd8 28.Bf3 d5 29.cxd5 exd5 30.b4 Rc7 31.h4 Be6 32.b5 Rdd7 33.Be2 Rb7 34.
Ra6 Rd6 35.Kf1 Rdb6 36.Ke1 Kd6 37.g4 h6 38.Rc1 Bd7 39.Kd2 f6 40.Ke3 g5 
1/2-1/2

[Event "24th ECh U20"]
[Site "Siofok HUN"]
[Date "1996.??.??"]
[Round "10"]
[White "Quinn, Mark"]
[Black "Chytilek, Roman"]
[Result "1-0"]
[WhiteElo "2350"]
[BlackElo "2340"]
[EventDate "1996.08.30"]
[PlyCount "51"]

1.Nf3 b6 2.g3 Bb7 3.Bg2 g6 4.d4 Bg7 5.O-O e6 6.c4 Ne7 7.Nc3 d5 8.Bf4 O-O 
9.cxd5 Nxd5 10.Nxd5 exd5 11.Rc1 Na6 12.b4 c6 13.Qb3 Re8 14.Rfe1 Rc8 15.Bh3
f5 16.e4 fxe4 17.Ng5 Nc7 18.Rxe4 Rxe4 19.Nxe4 Rb8 20.Ng5 Bxd4 21.Bxc7 Qxc7
22.Qxd5+ cxd5 23.Rxc7 Ba6 24.Be6+ Kf8 25.Rf7+ Ke8 26.Bd7+ 1-0

[Event "24th ECh U20"]
[Site "Siofok HUN"]
[Date "1996.??.??"]
[Round "10"]
[White "Del Rio Angelis, Salvador Gabriel"]
[Black "Delemarre, Jop"]
[Result "1/2-1/2"]
[WhiteElo "2325"]
[BlackElo "2360"]
[EventDate "1996.08.30"]
[PlyCount "120"]

1.e4 c6 2.d4 d5 3.Nd2 dxe4 4.Nxe4 Nd7 5.Bc4 Ngf6 6.Nxf6+ Nxf6 7.c3 Qc7 8.
Ne2 Bg4 9.Qb3 e6 10.Bf4 Qb6 11.Ng3 Nd5 12.Bd2 Bd6 13.f3 Bxg3+ 14.hxg3 Bf5 
15.Qxb6 axb6 16.Kf2 b5 17.Be2 Kd7 18.a3 Nb6 19.Rae1 Bg6 20.Bc1 Rae8 21.g4 
Nd5 22.Bd2 Ra8 23.Kg3 Rhf8 24.Rh4 Nb6 25.Kf2 Nc4 26.Bc1 Nd6 27.Rh2 Rae8 
28.Bf1 Ra8 29.Kg1 Rh8 30.g3 h5 31.gxh5 Bxh5 32.Rf2 Bg6 33.Bf4 Nc4 34.a4 
Nd6 35.Bxd6 Kxd6 36.axb5 cxb5 37.Bxb5 Rh3 38.Rg2 Ra5 39.c4 Rh8 40.Rd2 Rha8
41.d5 e5 42.b4 Rxb5 43.cxb5 Ra3 44.Kf2 Rb3 45.Ree2 Rxb4 46.Rb2 Rc4 47.Red2
e4 48.Ra2 Rb4 49.f4 Rb3 50.Rdb2 e3+ 51.Kf3 Bh5+ 52.g4 e2+ 53.Kxe2 Bxg4+ 
54.Kd2 Rxb2+ 55.Rxb2 Kxd5 56.Ke3 Bf5 57.Rg2 g6 58.b6 Kc5 59.Rb2 f6 60.Rd2 
g5 1/2-1/2

[Event "24th ECh U20"]
[Site "Siofok HUN"]
[Date "1996.??.??"]
[Round "10"]
[White "Chekurov, Viacheslav"]
[Black "Gabrielsen, Stig"]
[Result "1-0"]
[WhiteElo "2425"]
[BlackElo "2225"]
[EventDate "1996.08.30"]
[PlyCount "83"]

1.e4 g6 2.d4 Bg7 3.Nc3 d6 4.g3 Nf6 5.Bg2 O-O 6.Nge2 e5 7.h3 Nc6 8.Be3 exd4
9.Nxd4 Bd7 10.O-O Re8 11.Nde2 a6 12.g4 b5 13.a3 Ne5 14.b3 Bc6 15.Qd2 Ned7 
16.f3 Qe7 17.Rad1 Bb7 18.Ng3 Nc5 19.Rfe1 Nfd7 20.b4 Na4 21.Nxa4 bxa4 22.f4
a5 23.bxa5 Qe6 24.e5 Bxg2 25.Kxg2 Qa2 26.Ne4 g5 27.Nxg5 Nf8 28.exd6 cxd6 
29.Qxd6 Rad8 30.Qxd8 Rxd8 31.Rxd8 Qxc2+ 32.Bf2 Qc7 33.Ree8 Qxa5 34.Ne4 f5 
35.gxf5 Qxf5 36.Bc5 Qg6+ 37.Kh2 Qa6 38.Bxf8 Bxf8 39.Rxf8+ Kg7 40.Rg8+ Kf7 
41.Ng5+ Ke7 42.Rge8+ 1-0

[Event "24th ECh U20"]
[Site "Siofok HUN"]
[Date "1996.??.??"]
[Round "10"]
[White "Szuk, Balazs"]
[Black "Macionis, Andrius"]
[Result "0-1"]
[WhiteElo "2350"]
[BlackElo "2295"]
[EventDate "1996.08.30"]
[PlyCount "64"]

1.e4 e5 2.Nf3 Nc6 3.d4 exd4 4.Nxd4 Nf6 5.Nc3 Bb4 6.Nxc6 bxc6 7.Bd3 d5 8.
exd5 cxd5 9.O-O O-O 10.Bg5 c6 11.Na4 Be6 12.Rc1 h6 13.Bh4 Bd6 14.c4 Bf4 
15.Rc2 Bg4 16.f3 Be6 17.Bf2 Qa5 18.b3 dxc4 19.Bxc4 Rad8 20.Qe1 Bd2 21.Qa1 
Bf5 22.Rb2 Rfe8 23.a3 Bf4 24.Qa2 Nd5 25.Nc5 Qc7 26.g3 Be5 27.Na6 Qc8 28.
Rd2 Nc3 29.Rxd8 Qxd8 30.Qb2 Nd1 31.Qe2 Nxf2 32.Re1 Nd3 0-1

[Event "24th ECh U20"]
[Site "Siofok HUN"]
[Date "1996.??.??"]
[Round "10"]
[White "Vasilev, Milen"]
[Black "Mchedlishvili, Mikheil"]
[Result "0-1"]
[WhiteElo "2250"]
[BlackElo "2370"]
[EventDate "1996.08.30"]
[PlyCount "110"]

1.d4 d5 2.c4 dxc4 3.Nf3 Nf6 4.Nc3 a6 5.a4 Nc6 6.e3 Na5 7.Ne5 Be6 8.Be2 g6 
9.Bf3 c6 10.O-O Bg7 11.Ra3 O-O 12.Bd2 Nd7 13.Nxd7 Qxd7 14.Ne4 Nb3 15.Rxb3 
cxb3 16.Nc5 Qc8 17.Nxb3 Bd5 18.Bxd5 cxd5 19.Bc3 b6 20.a5 bxa5 21.Nxa5 Qd7 
22.Nb3 Qb5 23.Nc5 a5 24.Qd3 Qxd3 25.Nxd3 Ra7 26.Ra1 a4 27.Nb4 e6 28.Nc6 
Ra6 29.Na5 Rc8 30.Rxa4 Bf8 31.Kf1 Bd6 32.Ra1 Rb8 33.Nb3 Rxa1+ 34.Nxa1 Bb4 
35.Bxb4 Rxb4 36.b3 Rb8 37.Ke2 Ra8 38.Nc2 Ra2 39.Kd2 Rb2 40.b4 Rb1 41.f3 
Kf8 42.e4 dxe4 43.fxe4 Ke7 44.Kc3 f5 45.e5 Rg1 46.b5 Rxg2 47.b6 Kd8 48.d5 
exd5 49.Ne3 Re2 50.Kd3 Re1 51.e6 Ke7 52.Kc2 Re2+ 53.Kd3 Rb2 54.Nxd5+ Kxe6 
55.Kc3 Kxd5 0-1

[Event "24th ECh U20"]
[Site "Siofok HUN"]
[Date "1996.??.??"]
[Round "10"]
[White "Petrov, Jole"]
[Black "Mifsud, Timothy"]
[Result "1/2-1/2"]
[WhiteElo "2365"]
[BlackElo "2230"]
[EventDate "1996.08.30"]
[PlyCount "82"]

1.d4 d5 2.Nf3 c6 3.c4 e6 4.g3 Nf6 5.Bg2 Be7 6.O-O O-O 7.b3 Nbd7 8.Bb2 b6 
9.Nc3 Bb7 10.Qc2 Rc8 11.e4 c5 12.exd5 exd5 13.Rfd1 Qc7 14.dxc5 dxc4 15.
cxb6 cxb3 16.Qe2 Nxb6 17.axb3 Rfe8 18.Qf1 Nbd5 19.Nxd5 Bxd5 20.Nd4 Qb7 21.
Bxd5 Nxd5 22.Qb5 Rb8 23.Qxb7 Rxb7 24.Nc6 Bf6 25.Bxf6 Nxf6 26.Rd3 Rb6 27.
Nxa7 Reb8 28.Rad1 g6 29.Rd8+ Rxd8 30.Rxd8+ Kg7 31.Rd3 Ne4 32.Nc8 Rb8 33.
Re3 Nc5 34.Nd6 Rxb3 35.Re7 Rf3 36.Kg2 Rf6 37.Ne8+ Kf8 38.Nxf6 Kxe7 39.Nxh7
f6 40.g4 g5 41.h4 gxh4 1/2-1/2

[Event "24th ECh U20"]
[Site "Siofok HUN"]
[Date "1996.??.??"]
[Round "10"]
[White "Hausrath, Daniel"]
[Black "Nilsson, Mattias"]
[Result "1-0"]
[WhiteElo "2440"]
[BlackElo "2145"]
[EventDate "1996.08.30"]
[PlyCount "47"]

1.d4 Nf6 2.Nf3 g6 3.Bg5 Bg7 4.Nbd2 d5 5.e3 Bg4 6.c4 c6 7.Bd3 O-O 8.O-O 
Nbd7 9.h3 Bxf3 10.Nxf3 Qb6 11.Qc2 Rfe8 12.Bf4 c5 13.Rac1 Rac8 14.Qa4 cxd4 
15.exd4 dxc4 16.Bxc4 a6 17.Rc2 e6 18.Rfc1 Nb8 19.d5 exd5 20.Bxd5 Rxc2 21.
Rxc2 Nbd7 22.Bc7 Qa7 {[#]} 23.Bxf7+ Kxf7 24.Qc4+ 1-0

[Event "24th ECh U20"]
[Site "Siofok HUN"]
[Date "1996.??.??"]
[Round "10"]
[White "Soln, Primoz"]
[Black "Maros, Milan"]
[Result "1/2-1/2"]
[WhiteElo "2330"]
[BlackElo "2255"]
[EventDate "1996.08.30"]
[PlyCount "51"]

1.d4 d5 2.c4 dxc4 3.Nf3 c5 4.d5 e6 5.Nc3 exd5 6.Qxd5 Qxd5 7.Nxd5 Bd6 8.Nd2
Nc6 9.Nxc4 Bb8 10.Be3 b6 11.g3 Nge7 12.Bg2 Nxd5 13.Bxd5 Bb7 14.O-O-O f6 
15.h4 Ke7 16.Be4 Bc7 17.Bf4 Bxf4+ 18.gxf4 Nd8 19.Bxb7 Nxb7 20.Rhg1 g6 21.
Ne3 Rad8 22.Nd5+ Ke6 23.e4 Nd6 24.f3 Nb5 25.h5 Kf7 26.Rh1 1/2-1/2

[Event "24th ECh U20"]
[Site "Siofok HUN"]
[Date "1996.??.??"]
[Round "10"]
[White "Moor, Roger"]
[Black "Zulfugarli, Mahomed"]
[Result "0-1"]
[WhiteElo "2240"]
[BlackElo "2325"]
[EventDate "1996.08.30"]
[PlyCount "78"]

1.e4 e5 2.Bc4 Nc6 3.Nf3 Bc5 4.Nc3 Nf6 5.d3 h6 6.Be3 Bxe3 7.fxe3 d6 8.a3 
Bg4 9.O-O Qd7 10.d4 O-O 11.Qd3 Rae8 12.Rae1 Bh5 13.Nh4 Kh8 14.Nf5 exd4 15.
exd4 Bg6 16.Nd5 Nxd5 17.Bxd5 Nd8 18.Qf3 Ne6 19.Nh4 Bh7 20.Bxe6 Rxe6 21.Nf5
Rfe8 22.Ng3 f6 23.Re2 Bg6 24.Rfe1 Kh7 25.c3 a5 26.h4 Kh8 27.h5 Bh7 28.Kf2 
Qb5 29.Qg4 a4 30.Nf5 Qd7 31.Kg3 d5 32.Kf4 c6 33.e5 fxe5+ 34.Rxe5 Qc7 35.
Nxg7 Rxe5 36.Rxe5 Rxe5 37.dxe5 Qxg7 38.Qc8+ Bg8 39.Qd8 Qf7+ 0-1

[Event "24th ECh U20"]
[Site "Siofok HUN"]
[Date "1996.??.??"]
[Round "10"]
[White "Zavoronkov, Vladimir"]
[Black "Gelbmann, Norbert"]
[Result "1-0"]
[WhiteElo "2265"]
[BlackElo "2300"]
[EventDate "1996.08.30"]
[PlyCount "69"]

1.e4 c5 2.Nf3 d6 3.d4 cxd4 4.Nxd4 Nf6 5.f3 e5 6.Bb5+ Bd7 7.Bxd7+ Qxd7 8.
Nf5 g6 9.Ne3 Nc6 10.Nc3 Be7 11.Ned5 Nxd5 12.Nxd5 f5 13.Bh6 fxe4 14.fxe4 
Bh4+ 15.g3 Qh3 16.Qd3 Bxg3+ 17.Qxg3 Qxh6 18.Nc7+ Ke7 19.Nxa8 Rxa8 20.O-O 
Nd4 21.Rf2 Ne6 22.Qb3 Rb8 23.Rd1 Nf4 24.Kh1 Qh3 25.Qb4 Qe6 26.Rfd2 Rd8 27.
Qxb7+ Rd7 28.Qb3 d5 29.exd5 Qf5 30.d6+ Kf6 31.Qe3 g5 32.c4 e4 33.Qd4+ Kg6 
34.c5 Ne6 35.Qe3 1-0

[Event "24th ECh U20"]
[Site "Siofok HUN"]
[Date "1996.??.??"]
[Round "10"]
[White "Schacher, Gerd"]
[Black "Lehmann, Zoltan"]
[Result "0-1"]
[WhiteElo "2235"]
[BlackElo "2285"]
[EventDate "1996.08.30"]
[PlyCount "94"]

1.c4 e5 2.Nc3 d6 3.d4 exd4 4.Qxd4 Nc6 5.Qd2 Nf6 6.g3 Be6 7.b3 d5 8.cxd5 
Nxd5 9.Bb2 Ndb4 10.Nf3 Qxd2+ 11.Kxd2 Rd8+ 12.Kc1 Be7 13.a3 Na5 14.axb4 
Nxb3+ 15.Kc2 Nxa1+ 16.Bxa1 Bxb4 17.e4 O-O 18.Ng5 Rfe8 19.f4 h6 20.Nxe6 
Rxe6 21.e5 c6 22.Ne4 b5 23.f5 Ree8 24.Bh3 f6 25.e6 Be7 26.g4 c5 27.Bf1 c4 
28.h4 Rd5 29.Bg2 Red8 30.Nxf6+ gxf6 31.Bxd5 Rxd5 32.g5 Rxf5 33.Rd1 fxg5 
34.Rd7 Kf8 35.Rxa7 Bc5 36.Rb7 b4 37.Bg7+ Ke8 38.h5 Rf2+ 39.Kb1 c3 40.Rc7 
b3 41.Bxc3 Ba3 42.Rf7 Rxf7 43.exf7+ Kxf7 44.Bd2 Kf6 45.Bc3+ Kf5 46.Bg7 Kg4
47.Bxh6 Kxh5 0-1